1069 1835 1599 1061 1362 1346 1928 1136 1649 1439 1086 1536 1142 1043 1438 1337 1358 1553 1522 1036 1544 1709 1636 1339 1159 1150 1320 1433 1455 1965 1217 1400 1474 1533 1568 1879 1954 1584 1432 1874 1702 1837 1711 1484 1746 1058 1751 1540 1412 1220 1643 1091 1687 1185 1598 1711 1082 1321 1818 1959 1254 1527 1476 1230 1139 1867 1549 1378 1633 1355 1622 1530 1613 1498 1657 1993 1473 1917 1587 1837 1597 1508 1661 1382 1450 1524 1802 1778 1905 1844 1732 1472 1357 1154 1535 1670 1695 1278 1064 BCNSPRNW ULIB Ver.6.0+V

เปลี่ยนเป็นภาษาไทย

Change to English
 แสดงรายละเอียดบรรณานุกรม
  กลับหน้าหลัก

Brief Record : Get Marc (ISO 2709) : E-mail record : QR code < ปิดหน้าต่าง
LEADER : 00000nam 2200000uu 4500
001    13399122821
003     ULIB
008    130927s2554||||th 000 0 tha d
020    ^a9786167078205
090    นว.^bภ21ส
100 0  ^aภาคินัย
245 10 ^aสวนสนุกแดนนรก /^cภาคินัย [นามแฝง]
260    ^aกรุงเทพฯ :^bโซฟา พับลิชชิ่ง,^c2554
300    ^a256 หน้า
945    ^p200^l0^i034047
999    ^aเกษร โพธิ์สุวรรณ
รายการนี้ยังไม่มีแท็ก
คุณยังไม่ได้ล็อกอิน คุณสามารถมีกิจกรรมร่วมกับเว็บไซต์ได้ แต่ต้องล็อกอินก่อน ::
  ล็อกอิน

รายการสื่อสารสนเทศ

ลำดับที่ ประเภท เลขเรียก/บาร์โค้ด สถานที่ สถานะ
1. นวนิยาย
นวนิยาย
นว. ภ21ส ฉ.1 
  Barcode: 034047
ห้องสมุดวิทยาเขตสวรรค์ประชารักษ์
►นวนิยาย
บนชั้น
  ขอยืม

รายการใกล้เคียง
    ผู้แต่ง [ภาคินัย]

BibComment


ยังไม่เคยถูกคอมเมนท์

คอมเมนท์ทรัพยากรรายการนี้
  คอมเมนท์: สวนสนุกแดนนรก ภ..


 Copyright 2026. Bcnsprnw @Library